[Event "FRA-chT4 0304"]
[Site "Champagne Ardenne"]
[Date "2003.11.16"]
[Round "2"]
[White "Thyes, Romuald"]
[Black "Raulin, Herve"]
[Result "1/2-1/2"]
[WhiteElo "2000"]
[BlackElo "1880"]
[PlyCount "165"]
[EventDate "2003.10.??"]
[EventRounds "6"]
[EventCountry "FRA"]
[SourceTitle "EXT 2005"]
[Source "ChessBase"]
[SourceDate "2004.11.15"]
[SourceVersion "1"]
[SourceVersionDate "2004.11.15"]
[SourceQuality "1"]

1. e4 e6 2. d4 d6 3. f4 g6 4. Nf3 Bg7 5. Nc3 Ne7 6. Be3 b6 7. Bb5+ c6 8. Be2 Nd7 9. Qd2 Bb7 10. h4 h5 11. Ng5 Nf8 12. 0-0-0 Qd7 13. Rdg1 f6 14. Nf3 f5 15. e5 d5 16. Kb1 Rc8 17. Rc1 Nh7 18. Bd3 0-0 19. Rh3 Kf7 20. Qf2 Ng8 21. Ng5+ Nxg5 22. hxg5 Ne7 23. Be2 Rh8 24. Bd2 Qc7 25. Qf1 Rcd8 26. Rd1 Qc8 27. Bc1 Qa8 28. Rg3 Rd7 29. b3 Qd8 30. Ba3 Nc8 31. Rd2 Bf8 32. Bxf8 Qxf8 33. Kb2 b5 34. Nb1 Qd8 35. Qf3 Qb6 36. Qe3 Ne7 37. Rh3 Ba6 38. Nc3 Rc7 39. b4 Bb7 40. Nd1 a5 41. a3 a4 42. Nf2 Rcc8 43. Nd3 Rcg8 44. Nc5 Bc8 45. Rd1 Qd8 46. Rdh1 Kg7 47. R1h2 Qe8 48. Qg1 Qf8 49. Qh1 Qe8 50. Nd3 Bd7 51. c3 Bc8 52. Nf2 Bd7 53. Nd1 Qf8 54. Ne3 Be8 55. Kc2 Bf7 56. g4 fxg4 57. Nxg4 Qc8 58. Nf6 Rd8 59. Qd1 Nf5 60. Bd3 Qb8 61. Bxf5 exf5 62. Re3 Qc8 63. e6 Bxe6 64. Rhe2 Bf7 65. Re7 Qb8 66. Qd2 Qc8 67. Ra7 Rhe8 68. Nxe8+ Rxe8 69. Ree7 Rxe7 70. Rxe7 Kf8 71. Qe2 Qd8 72. Ra7 Qe8 73. Qf1 Qe4+ 74. Kd2 Be8 75. Rc7 Kg8 76. Qf2 Kf8 77. Qe3 Qg2+ 78. Ke1 Qe4 79. Ke2 Qg2+ 80. Ke1 Qe4 81. Kf2 Qc2+ 82. Qe2 Qe4 83. Ke1 1/2-1/2

[Event "Ardennes-ch 0102"]
[Site "Ardennes"]
[Date "2001.??.??"]
[Round "?"]
[White "Raulin, Herve"]
[Black "Flamant, Jacky"]
[Result "0-1"]
[WhiteElo "1810"]
[BlackElo "1740"]
[PlyCount "39"]
[EventDate "2001.??.??"]
[EventType "swiss"]
[EventRounds "9"]
[EventCountry "FRA"]
[SourceTitle "EXT 2008"]
[Source "ChessBase"]
[SourceDate "2007.11.25"]
[SourceVersion "1"]
[SourceVersionDate "2007.11.25"]
[SourceQuality "1"]

1. d4 Nf6 2. c4 e5 3. dxe5 Ng4 4. Nf3 Bc5 5. e3 Nc6 6. a3 a5 7. Qd5 d6 8. exd6 Bxd6 9. Ng5 Qf6 10. f4 Bf5 11. e4 Rd8 12. exf5 Bb4+ 13. axb4 Rxd5 14. cxd5 Nxb4 15. Rxa5 0-0 16. Nc3 Re8+ 17. Nce4 Qb6 18. Rb5 Qf2+ 19. Kd1 Qc2+ 20. Ke1 0-1